<?xml version="1.0" encoding="UTF-8"?>
<record
    xmlns:xsi="http://www.w3.org/2001/XMLSchema-instance"
    xsi:schemaLocation="http://www.loc.gov/MARC21/slim http://www.loc.gov/standards/marcxml/schema/MARC21slim.xsd"
    xmlns="http://www.loc.gov/MARC21/slim">

  <leader>02417nam a2200337uu 4500</leader>
  <controlfield tag="001">1389144</controlfield>
  <controlfield tag="005">20260508085606.0</controlfield>
  <controlfield tag="008">141022s2013                        spa  </controlfield>
  <datafield tag="020" ind1=" " ind2=" ">
    <subfield code="a">9789588742397</subfield>
  </datafield>
  <datafield tag="035" ind1=" " ind2=" ">
    <subfield code="a">1389144</subfield>
  </datafield>
  <datafield tag="040" ind1=" " ind2=" ">
    <subfield code="c">comduadb</subfield>
  </datafield>
  <datafield tag="041" ind1=" " ind2=" ">
    <subfield code="a">spa</subfield>
  </datafield>
  <datafield tag="082" ind1=" " ind2="4">
    <subfield code="a">378</subfield>
  </datafield>
  <datafield tag="100" ind1="1" ind2="0">
    <subfield code="a">Forero de L&#xF3;pez, Graciela</subfield>
    <subfield code="4">aut</subfield>
    <subfield code="e">aut</subfield>
    <subfield code="9">685522</subfield>
  </datafield>
  <datafield tag="245" ind1="1" ind2="0">
    <subfield code="a">Ambientes educativos dinamizadores de energ&#xED;a creativa e innovadora : una visi&#xF3;n psicosocial y ecoformadora de la educaci&#xF3;n en ingenier&#xED;a</subfield>
  </datafield>
  <datafield tag="250" ind1=" " ind2=" ">
    <subfield code="a">1. ed.</subfield>
  </datafield>
  <datafield tag="260" ind1=" " ind2=" ">
    <subfield code="a">Barranquilla :</subfield>
    <subfield code="b">Fondo de Publicaciones de la Universidad del Atl&#xE1;ntico,</subfield>
    <subfield code="c">2013.</subfield>
  </datafield>
  <datafield tag="300" ind1=" " ind2=" ">
    <subfield code="a">269 p. : il. col.</subfield>
  </datafield>
  <datafield tag="520" ind1=" " ind2=" ">
    <subfield code="a">RESUMEN : Este libro resalta los apartes sustantivos de desarrollo investigativos en los cuales intervinieron los autores, algunos de cuyos productos o activos est&#xE1;n constituidos por los aportes que ofrecen en la comprensi&#xF3;n y transformaci&#xF3;n de los ambientes educativos a partir del fortalecimiento de los potenciales de la creatividad y la capacidad innovadora, en particular de los docentes, directivos y estudiantes.  Un valor diferencial de esta producci&#xF3;n radica en el rigor con que asumen estos dos procesos en el marco investigativo propositivo, desde la fundamentaci&#xF3;n te&#xF3;rica y el examen anal&#xED;tico y situado del contexto educativo, pol&#xED;tico, hist&#xF3;rico, social y cultural; as&#xED; mismo, por el hecho de constituir un aporte para la formaci&#xF3;n en ingenier&#xED;aa que ha de servir de referencia para el acto educativo en los diferentes programas y &#xE1;reas del curr&#xED;culo universitario y de otros niveles de formaci&#xF3;n.  Invadir las aulas de clase de las energ&#xED;as eur&#xED;sticas t&#xED;picas del pensamiento creativo e innovador y a la luz de una &#xE9;tica para el desarrollo de una vida m&#xE1;s digna permite refundar nuestras esperanzas en las bondades de la educaci&#xF3;n y la formaci&#xF3;n como acicates para un mundo mejor.</subfield>
  </datafield>
  <datafield tag="650" ind1=" " ind2="7">
    <subfield code="a">Ambiente educativo</subfield>
    <subfield code="2">lemb</subfield>
    <subfield code="9">175480</subfield>
  </datafield>
  <datafield tag="650" ind1=" " ind2="7">
    <subfield code="a">Aptitud creadora</subfield>
    <subfield code="2">lemb</subfield>
    <subfield code="9">5198</subfield>
  </datafield>
  <datafield tag="650" ind1=" " ind2="7">
    <subfield code="a">Educaci&#xF3;n superior</subfield>
    <subfield code="2">lemb</subfield>
    <subfield code="9">1957</subfield>
  </datafield>
  <datafield tag="650" ind1=" " ind2=" ">
    <subfield code="a">Ingenieros - Educaci&#xF3;n</subfield>
    <subfield code="9">42895</subfield>
  </datafield>
  <datafield tag="650" ind1=" " ind2="7">
    <subfield code="a">Innovaciones educativas</subfield>
    <subfield code="2">lemb</subfield>
    <subfield code="9">39728</subfield>
  </datafield>
  <datafield tag="650" ind1=" " ind2=" ">
    <subfield code="a">Creatividad e innovaci&#xF3;n</subfield>
    <subfield code="9">197352</subfield>
  </datafield>
  <datafield tag="650" ind1=" " ind2=" ">
    <subfield code="a">Educaci&#xF3;n en ingenier&#xED;a</subfield>
    <subfield code="9">188583</subfield>
  </datafield>
  <datafield tag="650" ind1=" " ind2=" ">
    <subfield code="a">Ingenier&#xED;a - Aspectos sociales</subfield>
    <subfield code="9">215805</subfield>
  </datafield>
  <datafield tag="650" ind1=" " ind2=" ">
    <subfield code="a">Formaci&#xF3;n de ingenieros</subfield>
    <subfield code="9">143063</subfield>
  </datafield>
  <datafield tag="700" ind1="1" ind2="0">
    <subfield code="a">De la Hoz Reyes, Remberto</subfield>
    <subfield code="4">aut</subfield>
    <subfield code="e">aut</subfield>
    <subfield code="9">697802</subfield>
  </datafield>
  <datafield tag="942" ind1=" " ind2=" ">
    <subfield code="c">BOOK</subfield>
  </datafield>
  <datafield tag="999" ind1=" " ind2=" ">
    <subfield code="c">695136</subfield>
    <subfield code="d">695136</subfield>
  </datafield>
  <datafield tag="952" ind1=" " ind2=" ">
    <subfield code="0">0</subfield>
    <subfield code="1">0</subfield>
    <subfield code="4">0</subfield>
    <subfield code="7">0</subfield>
    <subfield code="8">GEN</subfield>
    <subfield code="a">BC</subfield>
    <subfield code="b">BC</subfield>
    <subfield code="d">2014-10-22</subfield>
    <subfield code="e">Material adquirido por canje</subfield>
    <subfield code="g">45000.00</subfield>
    <subfield code="i">C1215240</subfield>
    <subfield code="l">0</subfield>
    <subfield code="o">378.1 F715</subfield>
    <subfield code="p">01000019</subfield>
    <subfield code="r">2023-05-03 00:00:00</subfield>
    <subfield code="t">1</subfield>
    <subfield code="w">2023-05-03</subfield>
    <subfield code="y">BOOK</subfield>
  </datafield>
</record>
